| 000 | 00930cac a22002775a 4500 | ||
|---|---|---|---|
| 999 |
_c9158 _d9158 |
||
| 003 | EG-ScBUE | ||
| 005 | 20191204151548.0 | ||
| 008 | 190717s2004 nyuab f 000 0 eng d | ||
| 020 | _a0194366219 | ||
| 020 | _a9780194366212 | ||
| 040 |
_aEG-ScBUE _beng _cEG-ScBUE |
||
| 082 | 0 | 4 |
_a428.24 _bBLA _222 |
| 100 | 1 |
_aBlackwell, Angela, _eauthor. _926083 |
|
| 245 | 1 | 0 |
_aGrammar sense. _n 2 : _bwork book / _cAngela Blackwell. |
| 264 | 1 |
_aNew York ; _aOxford : _bOxford University Press, _c2004. |
|
| 300 |
_a153 pages ; _billustrations, map ; _c24 cm |
||
| 336 |
_2rdacontent _atext _btxt |
||
| 337 |
_2rdamedia _aunmediated _bn |
||
| 338 |
_2rdacarrier _avolume _bnc |
||
| 590 | _arana | ||
| 650 | 7 |
_aEnglish language _vTextbooks for foreign speakers. _2BUEsh |
|
| 650 | 7 |
_aEnglish language _xGrammar _vProblems, exercises, etc. _2BUEsh |
|
| 653 |
_bHHUUEENN _cJuly2019 |
||
| 655 | _vReading book | ||
| 942 |
_cBB _k428.24BLA _2ddc |
||